| 000 | 00716nam a22002057a 4500 | ||
|---|---|---|---|
| 003 | OSt | ||
| 005 | 20251029073430.0 | ||
| 008 | 251029b |||||||| |||| 00| 0 eng d | ||
| 020 | _a978-971-27-3620-9 | ||
| 040 |
_aDWCL - Main Lib _cOC |
||
| 082 | _aFil. 509.209599 N362t 2020 | ||
| 100 | _aNebres, Bienvenido F., SJ | ||
| 245 |
_aAt the Crossroads of Church and World / _cBienvenido F. Nebres, SJ |
||
| 260 |
_aMandaluyong City, Philippines : _bAnvil Publishing, Inc., _cc2020. |
||
| 300 |
_axix , 219 pages ; _billustrations ; _c23 cm. |
||
| 650 | _a1. College Presidents - Biography | ||
| 650 | _a2. Priest - Biography | ||
| 650 | _a3. Scientist - Philippines -- Biography | ||
| 942 |
_2ddc _cBK - FIL _mFil. _n0 |
||
| 999 |
_c5306 _d5306 |
||